[Event "ch-Central Serbia 2012"]
[Site "Pozarevac SRB"]
[Date "2012.02.15"]
[Round "3.4"]
[White "Chelushkina,I"]
[Black "Tosic,M"]
[Result "1/2-1/2"]
[WhiteElo "2280"]
[BlackElo "2435"]

1.g3 d5 2.Nf3 Nf6 3.Bg2 c6 4.b3 Bg4 5.Bb2 Nbd7 6.h3 Bh5 7.d3 e6 8.Nbd2 Qa5
9.a3 Be7 10.O-O Rd8 11.c4 O-O 12.Rc1 Rfe8 13.b4 Qc7 14.Qb3 Qb8 15.Rfe1 Bf8
16.e4 dxe4 17.dxe4 e5 18.g4 Bg6 19.c5 a5 20.Re3 axb4 21.axb4 b6 22.cxb6 Qxb6
23.Ba3 Rb8 24.Rc4 Qa6 25.Qc3 Rb6 26.Ne1 Ra8 27.Nc2 Ne8 28.Bf1 Qb7 29.h4 h5
30.gxh5 Bxh5 31.Nb3 Rxa3 32.Nxa3 Bxb4 33.Qd3 c5 34.Rg3 Nd6 35.Nc2 Nxc4 36.Qxc4 Bg6
37.Bg2 Qa6 38.Ne3 Kh7 39.Qc2 Nf6 40.Nc4 Re6 41.Rg5 Qb7 42.f3 Qc7 43.Nc1 Be1
44.Nd3 Bxh4 45.Rxe5 Nd7 46.Rxe6 fxe6 47.f4 Bg3 48.Qd2 Bh4 49.Qe3 Qd8 50.Qh3 Qf6
51.e5 Qe7 52.Nd6 Kg8 53.Qe3 Bxd3 54.Qxd3 Nf8 55.Be4 Qa7 56.Qe3 Qa1+ 57.Kg2 Qa2+
58.Kh3 Bf2 59.Qd3 Bd4 60.Bg6 Qf2 61.Bf7+ Kh8 62.Kg4 Qg2+ 63.Qg3 Qxg3+ 64.Kxg3 g5
65.Nc4 Kg7 66.Be8 Ng6 67.Bxg6 Kxg6 68.Kg4 gxf4 69.Kxf4 Bf2 70.Ke4 Kf7 71.Kd3 Ke7
72.Nd2  1/2-1/2

[Event "ch-Central Serbia 2012"]
[Site "Pozarevac SRB"]
[Date "2012.02.15"]
[Round "3.5"]
[White "Martinovic,Sl"]
[Black "Trifunovic,M"]
[Result "1-0"]
[WhiteElo "2429"]
[BlackElo "2278"]

1.Nf3 d5 2.g3 c5 3.c4 d4 4.b4 cxb4 5.a3 bxa3 6.Bg2 Nc6 7.Bxa3 e5 8.Bxf8 Kxf8
9.d3 g6 10.Nbd2 Kg7 11.O-O h5 12.h4 Nh6 13.Qa4 Nf5 14.Rfb1 Qc7 15.Ne4 Rb8
16.Nc5 b6 17.Na6 Bxa6 18.Qxa6 Nfe7 19.Ng5 Qc8 20.Qb5 f6 21.Bh3 Nf5 22.Ne4 Qc7
23.c5 Nfe7 24.Qc4 Rhf8 25.Bg2 Qd7 26.Nd6 Rbd8 27.Qa6 bxc5 28.Nb7 Rb8 29.Nxc5 Qd6
30.Qc4 Rxb1+ 31.Rxb1 Rb8 32.Rxb8 Nxb8 33.Ne6+ Kh6 34.Nc7 Nbc6 35.Ne8 Qb4
36.Qf7 Nf5 37.Qxf6 Kh7 38.Qxc6 Qe1+ 39.Bf1  1-0

[Event "ch-ROU Women 2012"]
[Site "Sarata Monteoru ROU"]
[Date "2012.02.17"]
[Round "5.1"]
[White "Foisor,C"]
[Black "Cosma,E"]
[Result "1/2-1/2"]
[WhiteElo "2395"]
[BlackElo "2325"]

1.Nf3 d5 2.g3 Nf6 3.Bg2 e6 4.O-O Be7 5.d4 O-O 6.c4 Nbd7 7.Qc2 c6 8.b3 b6
9.Bb2 Bb7 10.Nc3 c5 11.cxd5 Nxd5 12.Nxd5 Bxd5 13.e4 Bb7 14.Rad1 cxd4 15.Nxd4 Rc8
16.Qe2 Bc5 17.a3 a5 18.Nc2 Re8 19.Rd2 Qc7 20.Rfd1 Rcd8 21.Ne3 Nf8 22.Nc4 Ng6
23.a4 Ba6 24.Bf1 h6 25.Qh5 Bb7 26.Bg2 Bb4 27.Rxd8 Rxd8 28.Qg4 Ba6 29.Rxd8+ Qxd8
30.Bf1 Bxc4 31.Bxc4 Bc5 32.Qe2 Bd4 33.Qd3 e5 34.Bxd4 exd4 35.f4 Nf8 36.Bd5 Ne6
37.f5 Nc5 38.Qxd4 Qg5 39.Kg2 Qg4 40.Qc4 Kf8 41.Qc2 Qg5 42.Qc3 Qg4 43.Qc2 Qg5
44.Kf3 Qf6 45.Qd2 Qa1 46.Kg2 Kg8 47.h4 Qe5 48.Qf4 Qb2+ 49.Qf2 Qc3 50.Qe2 Nd3
51.f6 Nb4 52.fxg7 Nxd5 53.exd5 Qxb3 54.Qd2 Qxa4 55.d6 Qd7 56.Kh2 Kxg7 57.Qd4+ f6
58.Qxb6 Kf7 59.Qc7 Ke6 60.Qxa5 Qxd6 61.Qh5 Qd2+ 62.Kh3 Ke7 63.Qg6 Qe2 64.Qg7+ Ke6
65.Qg4+ Qxg4+ 66.Kxg4 Kf7 67.Kf5 h5 68.Ke4 Ke8 69.Kd4 Ke7 70.Kd5 Kd7 71.Ke4 Ke6
72.Kf4 Ke7 73.Ke4  1/2-1/2

[Event "ch-ROU Men 2012"]
[Site "Sarata Monteoru ROU"]
[Date "2012.02.17"]
[Round "6.33"]
[White "Pribeanu,M"]
[Black "Baciu,Radu-George"]
[Result "1/2-1/2"]
[WhiteElo "2186"]
[BlackElo "1767"]

1.Nf3 d5 2.g3 Nf6 3.Bg2 e6 4.O-O Be7 5.c4 O-O 6.b3 Nbd7 7.d4 b6 8.Ne5 Bb7
9.Nc3 c5 10.e3 Qc8 11.cxd5 Nxd5 12.Nxd5 Bxd5 13.Bxd5 exd5 14.Nxd7 Qxd7 15.dxc5 bxc5
16.Bb2 Rfd8 17.Qd3  1/2-1/2

[Event "ch-ROU Men 2012"]
[Site "Sarata Monteoru ROU"]
[Date "2012.02.17"]
[Round "6.61"]
[White "Porfireanu,S"]
[Black "Rosca,G"]
[Result "1-0"]
[WhiteElo "1927"]
[BlackElo "1668"]

1.Nf3 d5 2.g3 Nc6 3.d4 Nf6 4.Bg2 Bf5 5.a3 Qd7 6.h3 h6 7.Ne5 Nxe5 8.dxe5 Nh7
9.Qxd5 c6 10.Qxd7+ Kxd7 11.e4 Be6 12.f4 Bc4 13.Be3 e6 14.Nd2 Ba6 15.Nb3 b6
16.O-O-O+ Kc7 17.Bf1 Bb7 18.h4 Be7 19.Bd3 c5 20.Rhf1 c4 21.Bxc4 Bxe4 22.Nd4 Kb7
23.Bd3 Bg2 24.Rf2 Bh3 25.Be4+ Ka6 26.Bxa8 Rxa8 27.Nc6 Bf8 28.Rd7 f5 29.c4 h5
30.b4 b5 31.cxb5+ Kxb5 32.Rc2 Ka4 33.Kb2 Bf1 34.Nxa7 g5 35.Rxh7 gxf4 36.gxf4 Bg7
37.Rxg7 Bc4 38.Rc7 Rg8 39.Nc8  1-0

[Event "Basque Teams 2012"]
[Site "Bergara ESP"]
[Date "2012.02.18"]
[Round "6.5"]
[White "Fejzovski,En"]
[Black "Cruz Lopez Claret,C"]
[Result "0-1"]
[WhiteElo "2174"]
[BlackElo "2334"]

1.Nf3 d5 2.g3 Bg4 3.Ne5 Bf5 4.Bg2 Nd7 5.Nxd7 Qxd7 6.c4 c6 7.cxd5 cxd5 8.Nc3 Nf6
9.d4 e6 10.Bf4 Be7 11.Rc1 O-O 12.O-O Rac8 13.Qa4 Rc6 14.Qd1 Rfc8 15.f3 Rc4
16.Kh1 b5 17.g4 Bg6 18.e3 b4 19.Ne2 Rc2 20.Rxc2 Rxc2 21.g5 Nh5 22.Ng3 Nxg3+
23.hxg3 Rxb2 24.e4 Rxa2 25.Qb1 Ra6 26.Qb2 Qb5 27.Rc1 Rc6 28.Bf1 Rxc1 29.Qxc1 Qb7
30.exd5 Qxd5 31.Qc8+ Bf8 32.Kh2 Qxd4 33.Qb8 a5 34.Be5 Qc5  0-1

[Event "ch-Central Serbia 2012"]
[Site "Pozarevac SRB"]
[Date "2012.02.18"]
[Round "8.10"]
[White "Sorgic,D"]
[Black "Trifunovic,M"]
[Result "1-0"]
[WhiteElo "2242"]
[BlackElo "2278"]

1.Nf3 d5 2.g3 Nf6 3.Bg2 e6 4.d3 c5 5.O-O Nc6 6.Nbd2 Be7 7.e4 Qc7 8.Re1 dxe4
9.dxe4 e5 10.c3 O-O 11.Qe2 b6 12.Nc4 Ba6 13.Bf1 h6 14.Nh4 Rfe8 15.Nf5 Bf8
16.Qd1 Rad8 17.Qf3 Re6 18.h4 Kh7 19.g4 Nxg4 20.h5 Nf6 21.Ng3 Ne7 22.a4 g6
23.a5 b5 24.Ne3 Bg7 25.Bh3 Red6 26.Ng4 Nxg4 27.Bxg4 Rf6 28.hxg6+ fxg6 29.Qh1 Rdf8
30.Be3 Bc8 31.Be2 a6 32.Red1 Bb7 33.Qh3 Bc8 34.Bg4 Rd6 35.Bxc8 Rxc8 36.b4 cxb4
37.cxb4 Rcd8 38.Rdc1 Qd7 39.Qh4 Nc6 40.Kg2 Qe7 41.Qxe7 Nxe7 42.Rc7 R6d7 43.Rac1 Kg8
44.Bb6 Kf7 45.R7c2 Ra8 46.Nf1 h5 47.Be3 Bf6 48.Nd2 g5 49.Rh1 Kg6 50.Nb3 g4
51.Nc5 Rc7 52.Rd2 Rc6 53.Rhd1 h4 54.Rd6 Kf7 55.Nd7 Bg7 56.Bg5 h3+ 57.Kg1 h2+
58.Kxh2 Rxd6 59.Rxd6 Rd8 60.Rd2 Rh8+ 61.Kg2 Nc6 62.Nc5 Nxb4 63.Rd7+ Kg6 64.Bd2 Nc2
65.Rd6+ Kf7 66.Rxa6 Rd8 67.Ra7+ Ke8 68.Bg5 Ne1+ 69.Kf1 Rd1 70.Re7+  1-0

[Event "Bunratty Open"]
[Site "Bunratty IRL"]
[Date "2012.02.19"]
[Round "6"]
[White "Astaneh Lopez,A"]
[Black "Collins,S IRL"]
[Result "1/2-1/2"]
[WhiteElo "2414"]
[BlackElo "2426"]

1.Nf3 d5 2.g3 Nf6 3.Bg2 c5 4.O-O Nc6 5.d4 e6 6.c4 Be7 7.Nc3 O-O 8.cxd5 exd5
9.dxc5 Bxc5 10.Bg5 d4 11.Bxf6 Qxf6 12.Ne4 Qe7 13.Nxc5 Qxc5 14.a3 Re8 15.b4 Qb6
16.Qd3 g6 17.Rfd1 Bf5 18.Qd2 d3 19.exd3 Rad8 20.Re1 Rxe1+ 21.Rxe1 Bxd3 22.Qh6 f6
23.Qf4 Kg7 24.h4 h6 25.g4 Rd7 26.g5 hxg5 27.hxg5 Qd8 28.Qh4 fxg5 29.Nxg5 Bf5
30.Bxc6 bxc6 31.Ne6+ Bxe6 32.Qxd8 Rxd8 33.Rxe6 a5 34.Rxc6 Rd3 35.Ra6 axb4
36.axb4 Rb3 37.Rb6 g5 38.Kg2 g4 39.b5 Kf7 40.Rb8 Kg7 41.b6 Kh7 42.b7 Kg7
43.Kf1 Rb2 44.Ke1 g3 45.fxg3 Kh7 46.Kd1 Kg7 47.Kc1 Rb6 48.Kc2 Rb5 49.Kc3 Rb1
50.Kd4 Rd1+ 51.Ke4 Re1+ 52.Kf3 Rb1 53.Kg4 Rb2 54.Kg5 Rb1 55.Kf5 Rb2 56.g4 Rb1
57.Ke4 Rb2 58.Kd4 Rb1 59.Kc3 Rb6 60.g5 Rb1 61.g6 Rb6 62.Rc8 Rxb7 63.Rc4 Kxg6
64.Rb4 Rxb4 65.Kxb4  1/2-1/2

[Event "50th TCh-DEN XtraCon 2011-12"]
[Site "Denmark DEN"]
[Date "2012.02.19"]
[Round "7.7"]
[White "Ligaard,M"]
[Black "Nohr,F"]
[Result "1/2-1/2"]
[WhiteElo "2264"]
[BlackElo "2110"]

1.Nf3 d5 2.g3 Nf6 3.Bg2 c6 4.O-O Bf5 5.b3 e6 6.Bb2 Nbd7 7.d3 Be7 8.Nh4 Bg6
9.Nd2 O-O 10.Nxg6 hxg6 11.c4 Re8 12.d4 Bf8 13.e4 dxe4 14.Nxe4 e5 15.Nxf6+ Qxf6
16.dxe5 Nxe5 17.Qc2 Bc5 18.Kh1 Qf5 19.Be4  1/2-1/2

[Event "US Amateur Team-ch East"]
[Site "Parsippany USA"]
[Date "2012.02.19"]
[Round "4"]
[White "Kwartler,L"]
[Black "Chen,Kevin Emmanuel"]
[Result "1-0"]
[WhiteElo "2171"]
[BlackElo "1995"]

1.Nf3 d5 2.g3 Nf6 3.Bg2 c5 4.O-O Nc6 5.d4 e6 6.c4 cxd4 7.Nxd4 Bc5 8.Nb3 Bb6
9.c5 Bc7 10.Nc3 O-O 11.e3 Qe7 12.Qe2 Bd7 13.Bd2 Rac8 14.Rfc1 Rfd8 15.a3 Be8
16.Nb5 e5 17.Re1 Bb8 18.Rac1 Bd7 19.Na1 a6 20.Nc3 Be6 21.b4 Qd7 22.Qf1 e4
23.Ne2 Ne5 24.f4 exf3 25.Bxf3 Bh3 26.Bg2 Bxg2 27.Qxg2 Nd3 28.Bc3 Nxe1 29.Rxe1 Ne4
30.Bd4 f5 31.Nc2 Qe7 32.Nf4 Be5 33.Bxe5 Qxe5 34.Nd4 a5 35.Qa2 g5 36.Nd3 Qe8
37.Rf1 axb4 38.axb4 Ra8 39.Qe2 Qa4 40.Nxf5 Qa2 41.Qh5 Rf8 42.Ne5 Rxf5 43.Rxf5 Qa1+
44.Kg2 Ra2+ 45.Kh3 Nf2+ 46.Rxf2 Rxf2 47.Qxg5+ Kf8 48.Qd8+ Kg7 49.Qc7+ Kf8
50.Qc8+ Ke7 51.Qd7+ Kf8 52.Qc8+ Ke7 53.Qxb7+ Kf8 54.Qc8+ Ke7 55.Qd7+ Kf8
56.Ng4 Qf1+ 57.Kh4 Qc4 58.Qd8+ Kf7 59.Kg5 Qe4 60.Nh6+ Ke6 61.Qe8+  1-0

[Event "TCh-SWE 2011-12"]
[Site "Sweden SWE"]
[Date "2012.02.19"]
[Round "4"]
[White "Carlhammar,M"]
[Black "Lund,E"]
[Result "1/2-1/2"]
[WhiteElo "2306"]
[BlackElo "2380"]

1.Nf3 d5 2.g3 Nc6 3.d4 Bg4 4.Bg2 e6 5.O-O Bd6 6.c4 Nf6 7.cxd5 Nxd5 8.Nbd2 O-O
9.Nc4 b5 10.Nxd6 cxd6 11.h3 Bh5 12.e4 Nb6 13.g4 Bg6 14.d5 exd5 15.exd5 Nb4
16.Nd4 Rc8 17.Nc6 Nxc6 18.dxc6 d5 19.b3 Qf6 20.Ba3 Rfe8 21.Re1 Rxe1+ 22.Qxe1 Qxc6
23.Rc1 Qd7 24.Rxc8+ Nxc8 25.Qe5 Be4 26.Bxe4 dxe4 27.Qxe4 h5 28.Bc5 Nb6 29.Bxb6 axb6
30.Qa8+ Kh7 31.Qe4+ Kg8 32.Qa8+ Kh7 33.Qe4+ Kg8  1/2-1/2

[Event "ACP Women Cup 2012"]
[Site "Tbilisi GEO"]
[Date "2012.02.21"]
[Round "10.1"]
[White "Dzagnidze,N"]
[Black "Zatonskih,A"]
[Result "1-0"]
[WhiteElo "2535"]
[BlackElo "2506"]

1.Nf3 d5 2.g3 g6 3.Bg2 Bg7 4.O-O e5 5.d3 Nc6 6.Nc3 Nge7 7.e4 d4 8.Ne2 O-O
9.c3 Bg4 10.cxd4 Bxf3 11.Bxf3 Nxd4 12.Bg2 Nxe2+ 13.Qxe2 Nc6 14.Be3 Qd7 15.Rac1 Rfd8
16.Rc3 Rac8 17.Rfc1 Nb4 18.Rb3 c5 19.Rxc5 Rxc5 20.Bxc5 Nxd3 21.Be3 Bf8 22.Bf1 Nc5
23.Rb5 b6 24.f3 Qc7 25.Qc2 a6 26.Rb3 Qd6 27.Rc3 Ne6 28.Rc6 Qd1 29.Qxd1 Rxd1
30.Rxb6 Nd4 31.Kf2 a5 32.Rb7 Bb4 33.Bc4 Be1+  1-0

[Event "ch-POL 2012"]
[Site "Warsaw POL"]
[Date "2012.02.24"]
[Round "7"]
[White "Gajewski,G"]
[Black "Hnydiuk,A"]
[Result "1-0"]
[WhiteElo "2616"]
[BlackElo "2409"]

1.Nf3 d5 2.g3 Bg4 3.Bg2 Nd7 4.c4 e6 5.cxd5 exd5 6.h3 Bh5 7.O-O Ngf6 8.Nc3 c6
9.Nh4 d4 10.Ne4 d3 11.Nc3 dxe2 12.Nxe2 Be7 13.Nf5 O-O 14.g4 Bg6 15.Neg3 Re8
16.d4 Bf8 17.Bg5 Bxf5 18.Nxf5 g6 19.Nh6+ Bxh6 20.Bxh6 Nd5 21.Qd2 Nf8 22.Rae1 Ne6
23.Re2 Qf6 24.Bxd5 cxd5 25.Rfe1 Rec8 26.Re5 Rc4 27.b3 Rc6 28.Qe3 Rac8 29.g5 Qd8
30.Qf3 Rc3 31.Qxd5 Qxd5 32.Rxd5 Rd3 33.Re4 Rxh3 34.Rde5 Rc1+ 35.Kg2 Rch1
36.d5 R3h2+ 37.Kf3 Rh3+ 38.Ke2 Ra1 39.dxe6 Rxa2+ 40.Kf1  1-0

[Event "Schachbundesliga 2011-12"]
[Site "Bochum GER"]
[Date "2012.02.25"]
[Round "10"]
[White "Hausrath,D"]
[Black "Appel,R"]
[Result "1/2-1/2"]
[WhiteElo "2507"]
[BlackElo "2529"]

1.Nf3 d5 2.g3 c6 3.Bg2 Bg4 4.c4 e6 5.O-O Nd7 6.cxd5 cxd5 7.Nc3 Ngf6 8.Qb3 Qb6
9.Qxb6 Nxb6 10.b3 a6 11.Bb2 Nbd7 12.h3 Bxf3 13.Bxf3 Bd6 14.Rfc1 Ke7 15.g4 g5
16.e3 h5 17.gxh5 Rh6 18.Kf1 Ne5 19.Be2 Nxh5 20.Na4 Nd7 21.Bg4 Nhf6 22.Ke2 b5
23.Bxf6+ Rxf6 24.Nb2 Rh6 25.Rg1 Rg8 26.Rh1 Rgh8 27.Rhg1 Rg8 28.Rh1 Rc8 29.Nd3 f5
30.Bf3 Nf6 31.Bg2 e5 32.Rhc1 Rxc1 33.Rxc1 e4 34.Nc5 f4 35.f3 g4 36.hxg4 Rh2
37.Kf1 fxe3 38.dxe3 exf3 39.Bxf3 Nxg4 40.Kg1 Nxe3 41.a4 Rb2 42.Nxa6 bxa4
43.bxa4 Bh2+ 44.Kh1 Nf5 45.Bg2 Bf4 46.Re1+ Kd6 47.Nc7 Kxc7 48.Bxd5 Ng3+ 49.Kg1 Ne2+
50.Kf1 Ng3+ 51.Kg1 Nf5 52.Bg2 Ne3 53.Bf3 Bg3 54.Rc1+ Kd6 55.a5 Ke5 56.a6 Ra2
57.Bb7 Bf2+ 58.Kh2 Kf4 59.Rb1 Ng4+ 60.Kh3 Bd4 61.Rf1+ Kg5 62.Kg3 Be5+ 63.Kf3 Nh2+
64.Ke4 Nxf1 65.Kxe5 Ne3 66.Kd6 Kf6 67.Kc7 Ng4 68.Kb6 Ne5 69.Bd5 Ra1 70.a7 Nd7+
71.Kb7 Rb1+ 72.Kc7 Nb6 73.a8=Q Nxa8+ 74.Bxa8 Ke6 75.Be4 Rc1+ 76.Kb6 Kd6 77.Kb5 Ke5
78.Bh7 Rb1+ 79.Bxb1  1/2-1/2

[Event "ch-BUCA 2012"]
[Site "High Wycombe ENG"]
[Date "2012.02.25"]
[Round "2"]
[White "Ghasi,A"]
[Black "Shanmugam,R"]
[Result "1/2-1/2"]
[WhiteElo "2400"]
[BlackElo "2386"]

1.Nf3 d5 2.g3 Nf6 3.Bg2 c6 4.O-O Bg4 5.b3 Nbd7 6.Bb2 e6 7.c4 Bd6 8.Na3 Qe7
9.Nc2 e5 10.cxd5 cxd5 11.Ne3 O-O 12.Nh4 Qe6 13.Nxg4 Qxg4 14.e3 Qe6 15.d3 Rac8
16.Qd2 Rc6 17.Rac1 Rfc8 18.Qa5 a6 19.Rxc6 Rxc6 20.Rc1 Bc7 21.Rxc6 Qxc6 22.Qd2 g6
23.Nf3 b5 24.Bc3 Bd6 25.Qb2 Qc7 26.Qd2 Qc6 27.Ba5 Bc7 28.Bb4 Bd6 29.Bxd6 Qxd6
30.Qc3 Kg7 31.Bh3 h6 32.d4 e4 33.Ne5 Nb6 34.Qc5 Qxc5 35.dxc5 Na8 36.b4 Nc7
37.Bc8 Nfe8 38.Nc6 f5 39.Kf1 Kf6 40.Ke2 Ng7 41.Nb8 Nge6 42.Nxa6 d4 43.Nxc7 d3+
44.Kd2 Nxc7 45.g4 Ke5 46.gxf5 gxf5 47.Bd7 f4 48.Bc6 f3 49.a3 Kf5 50.Kc3 Ke5
51.h3 Nd5+ 52.Kd2 Nc7 53.a4 bxa4 54.Bxa4 Kd5 55.Kc3 Ne6 56.Bb3+ Ke5 57.h4 Nc7
58.Kc4 Nd5 59.c6 Nxe3+ 60.Kc5 Nf5 61.c7 Nd4 62.b5 e3 63.b6 exf2 64.c8=Q Nc6
65.b7 f1=Q 66.b8=Q+ Ke4 67.Bd5+ Ke3 68.Qe6+ Kf2 69.Qf4 Qe2 70.Qh2+  1/2-1/2

[Event "Schachbundesliga 2011-12"]
[Site "Remagen GER"]
[Date "2012.02.26"]
[Round "11"]
[White "Fressinet,L"]
[Black "Smeets,J"]
[Result "1-0"]
[WhiteElo "2696"]
[BlackElo "2619"]

1.Nf3 d5 2.g3 Nf6 3.Bg2 c6 4.O-O Bf5 5.c4 e6 6.cxd5 cxd5 7.Qb3 Qd7 8.Ne5 Qc7
9.Nc3 Nc6 10.Nxc6 bxc6 11.d3 Be7 12.Bf4 Qb6 13.Na4 Qa6 14.Rfc1 O-O 15.Nc5 Bxc5
16.Rxc5 Nd7 17.Rc3 e5 18.Bd2 Be6 19.Qa3 Qxa3 20.Rxa3 c5 21.Rc1 Rfb8 22.b3 a6
23.Bf1 Ra7 24.e3 d4 25.Ra5 f6 26.Bg2 Rb6 27.exd4 exd4 28.f4 g6 29.Re1 Kf7
30.Kf2 Rc7 31.Bf3 h5 32.h3 Bxh3 33.Bd5+ Kf8 34.a3 Bf5 35.Bc4 Nb8 36.b4 cxb4
37.Bxb4+ Kg7 38.Rc5 Rxc5 39.Bxc5 Rb2+ 40.Re2 Rxe2+ 41.Kxe2 Bc8 42.Bxd4 Nc6
43.Bc5 g5 44.d4 gxf4 45.gxf4 h4 46.d5 Nb8 47.Kf3 Nd7 48.Bf2 h3 49.Kg3 Nf8
50.Be3 Kf7 51.Be2 Ng6 52.Bh5 Bf5 53.a4 Ke7 54.Bc5+ Kd7 55.a5 Ne7 56.Bf3 Nc8
57.Be2 Nd6 58.Bxd6 Kxd6 59.Bxa6 Kxd5 60.Bf1 Kc6 61.Bxh3 Bd3 62.Bc8 Kc7 63.Bg4 Kc6
64.Kf2 Kc5 65.Bc8 Kb5 66.Ke3 Bc2 67.a6 Kb6 68.Kd4 f5 69.Ke5 Bd3 70.Kd6 Bc2
71.Kd7 Bd3 72.Bb7 Bc2 73.Kc8 Ka7 74.Kc7 Bd3 75.Kc6 Bb1 76.Kb5 Bd3+ 77.Ka5 Bf1
78.Bc8 Bd3 79.Kb4 Kb6 80.Kc3 Bb1 81.Kd4 Bc2 82.Ke5 Bd3 83.Kf6 Bf1 84.Ke6 Bd3
85.Ke5 Bf1 86.Bxf5 Bxa6 87.Kd6 Be2 88.Be4 Bg4 89.Bd5 Bf5 90.Ke5 Bd3 91.Be4 Be2
92.f5 Kc7 93.f6 Kd8 94.Bc6 Bh5 95.Kf5 Bf7 96.Ke5 Bh5 97.Bb5 Bf7 98.Ba4 Kc7
99.Bb5 Kd8 100.Kf5 Kc7 101.Kg5 Kd6 102.Kh6 Ke5 103.Kg7 Bd5 104.Be8 Bc4 105.Bf7 Be2
106.Bb3 Bh5 107.Bc2  1-0

[Event "32nd TCh-IND 2012"]
[Site "Panaji IND"]
[Date "2012.02.29"]
[Round "4"]
[White "Suresh,KT"]
[Black "Shantharam,K"]
[Result "1/2-1/2"]
[WhiteElo "2213"]
[BlackElo "2102"]

1.Nf3 d5 2.g3 c5 3.Bg2 Nf6 4.d4 e6 5.O-O Nc6 6.c4 Be7 7.cxd5 exd5 8.Nc3 O-O
9.Bg5 c4 10.Ne5 Be6 11.Nxc6 bxc6 12.b3 Qa5 13.Na4 Rfd8 14.Bxf6 gxf6 15.Qc2 Rac8
16.Rfd1 c5 17.Qb2 Kg7 18.Nxc5 Bxc5 19.dxc5 Qxc5 20.Qd4 Qxd4 21.Rxd4 Rb8 22.Rad1 cxb3
23.axb3 Rxb3 24.e4 Bg4 25.Ra1 Rdb8 26.h3 Rb1+ 27.Rxb1 Rxb1+ 28.Kh2 Rd1 29.Ra4 Be6
30.exd5 Bxd5 31.Bxd5 Rxd5 32.Rxa7 Rd3  1/2-1/2

[Event "European Ind w 2012"]
[Site "Gaziantep TUR"]
[Date "2012.03.02"]
[Round "1"]
[White "Dzagnidze,N"]
[Black "Mammadova,G"]
[Result "0-1"]
[WhiteElo "2559"]
[BlackElo "2324"]

1.Nf3 d5 2.g3 e6 3.Bg2 c5 4.O-O Nc6 5.d4 Nf6 6.c4 dxc4 7.Ne5 Bd7 8.Na3 cxd4
9.Naxc4 Be7 10.Qb3 O-O 11.Bf4 Rc8 12.Qxb7 Nb4 13.Rfd1 Bc5 14.a3 Nbd5 15.b4 Rc7
16.Nxf7 Rxb7 17.Nxd8 Rxd8 18.bxc5 Rb5 19.Bd6 Nc3 20.Rd2 Rc8 21.Rc1 Rbxc5
22.Bxc5 Rxc5 23.Rb2 Rxc4 24.Rcc2 a5 25.Rb7 Kf8 26.Ra7 Rc5 27.Rb2 Bb5 28.Bf1 a4
29.Ra5 Nd7 30.f3 Ne5 31.Rb4 Nc4 32.Ra8+ Kf7 33.f4 Nd5 34.Rb1 Nxa3 35.Rd1 Nc2
36.Ra5 Nc3 37.Rd2 Ne3 38.Rxd4 Nxf1 39.Ra7+ Kf6 40.Kxf1 Nxe2 41.Rd8 Nxg3+
42.Kg2 Nf5 43.Rf8+ Kg6 44.Kg1 Rc1+ 45.Kf2 Rc4 46.Kf3 Bc6+ 47.Kg4 h5+  0-1

[Event "TCh-ISR 2011-12"]
[Site "Israel ISR"]
[Date "2012.03.02"]
[Round "11.5"]
[White "Libman,G"]
[Black "Vasiliev,Olg"]
[Result "1-0"]
[WhiteElo "2259"]
[BlackElo "2305"]

1.Nf3 d5 2.g3 Nf6 3.Bg2 g6 4.O-O Bg7 5.d3 O-O 6.Nbd2 c6 7.e4 dxe4 8.dxe4 Nbd7
9.Qe2 Nc5 10.Rd1 Qb6 11.h3 Be6 12.Ng5 Nh5 13.Nf1 Rad8 14.Nxe6 Nxe6 15.c3 Rxd1
16.Qxd1 Rd8 17.Qc2 Qa6 18.Be3 b6 19.Bf3 Nf6 20.Be2 Qc8 21.Kg2 h5 22.h4 c5
23.f3 Qc6 24.a4 Nd7 25.Nd2 Ne5 26.Nc4 Nf8 27.Rd1 Rxd1 28.Qxd1 Qd7 29.Qc2 Qe6
30.Na3 Nfd7 31.Nb5 a5 32.Qd1 Qc6 33.b3 Kh7 34.Qd5 Qxd5 35.exd5 Nf6 36.c4 Ned7
37.Bf4 Ne8 38.g4 hxg4 39.fxg4 Bf6 40.g5 Bg7 41.Na7 Kg8 42.Nc8 Kf8 43.Bg4 f5
44.gxf6 Nexf6 45.Be6 Ke8 46.Bc7 Ne4 47.Nxb6 Ne5 48.Na8 Nd2 49.Bxa5 Nxb3 50.Bc3 Bf6
51.a5 Nxa5 52.Bxa5 Nxc4 53.Be1 Nd6 54.Kf3 c4 55.Ke3 Kf8 56.Nb6 Kg7 57.Nd7 Bb2
58.Kd2 Nb5 59.Kc2 Ba3 60.Bc3+ Kh6 61.Ne5 Bd6 62.Nf7+ Kh5 63.Nxd6 Nxd6 64.Be1 Nb5
65.Bb4 Kxh4 66.Bxe7+ Kg3 67.Bf7 Kf4 68.d6 Nd4+ 69.Kc3 Nc6 70.d7 g5 71.Bd5  1-0

[Event "TCh-AUT 1st Bundesliga 2012"]
[Site "St. Veit AUT"]
[Date "2012.03.02"]
[Round "5.4"]
[White "Thiede,L"]
[Black "Froewis,G"]
[Result "1-0"]
[WhiteElo "2458"]
[BlackElo "2424"]

1.Nf3 d5 2.g3 Nf6 3.Bg2 c6 4.b3 Bg4 5.Bb2 Nbd7 6.d3 Bxf3 7.Bxf3 e5 8.O-O Bd6
9.e3 Qe7 10.c4 O-O 11.Nc3 Bb4 12.cxd5 Bxc3 13.Bxc3 cxd5 14.Qd2 Qe6 15.Rac1 Rfe8
16.Rc2 e4 17.dxe4 dxe4 18.Be2 Ne5 19.Bxe5 Qxe5 20.Qb4 b6 21.Qb5 Qe6 22.Rc7 a6
23.Qc6 Nd5 24.Qxe6 Rxe6 25.Rd7 Nf6 26.Rb7 b5 27.a4 Ne8 28.axb5 Nd6 29.bxa6 Nxb7
30.axb7 Rb8 31.Rc1 Kf8 32.Rc8+ Re8 33.Ba6 Rd8 34.Rc7 g5 35.Bc4 Kg7 36.Kf1 Rd1+
37.Kg2 g4 38.Bxf7 Kf6 39.Bh5 Kg5 40.Rc5+  1-0

[Event "TCh-AUT 2 Mitte 2011-12"]
[Site "St. Veit AUT"]
[Date "2012.03.02"]
[Round "7"]
[White "Ennsberger,U"]
[Black "Reichmann,E"]
[Result "1-0"]
[WhiteElo "2373"]
[BlackElo "2279"]

1.Nf3 d5 2.g3 c6 3.Bg2 Nf6 4.O-O Bf5 5.d4 Nbd7 6.c4 e6 7.Nc3 Be7 8.Bf4 h6
9.Ne5 O-O 10.Rc1 Nxe5 11.Bxe5 Bd6 12.Qb3 Rb8 13.Rfd1 Qe7 14.Bxd6 Qxd6 15.Qa4 a6
16.c5 Qe7 17.f4 Ng4 18.e4 dxe4 19.Re1 Nf6 20.Nxe4 Bxe4 21.Bxe4 Nxe4 22.Rxe4 Qf6
23.Re5 Rfd8 24.Rf1 g6 25.Rfe1 Rd7 26.R1e4 Rbd8 27.Qb4 Kg7 28.Qc3 Rd5 29.Rxd5 Rxd5
30.Re5 Rd7 31.Kg2 Kh7 32.Qe3 Qd8 33.Re4 Rd5 34.h4 h5 35.b4 Qd7 36.a4 Kg8
37.Qf2 f5 38.Re2 Rxd4 39.Qe3 Re4 40.Rd2 Qe7 41.Qb3 Kf8 42.Rd6 e5 43.fxe5 Rxe5
44.Rxg6 Rd5 45.Qf3 Qe4 46.Qxe4 fxe4 47.Rh6 Rd2+ 48.Kh3 Rb2 49.Rxh5 Rxb4 50.a5 Rb5
51.Kg4 Rxa5 52.Rf5+ Kg7 53.h5 Ra3 54.Kh4 e3 55.g4 Rc3 56.Kg5 Rc4 57.h6+ Kg8
58.Re5 Kh7 59.Re7+ Kg8 60.h7+  1-0

[Event "TCh-AUT 2 Ost 2011-12"]
[Site "Bruck AUT"]
[Date "2012.03.03"]
[Round "6"]
[White "Erdos,V"]
[Black "Lipka,J"]
[Result "1/2-1/2"]
[WhiteElo "2608"]
[BlackElo "2443"]

1.Nf3 d5 2.g3 c6 3.c4 Nf6 4.Bg2 g6 5.b3 Bg7 6.Bb2 O-O 7.O-O Nbd7 8.d3 a5
9.Na3 b6 10.Qc2 Bb7 11.e4 Nc5 12.Rad1 Rc8 13.Rfe1 Ne8 14.Nb1 Bxb2 15.Qxb2 dxe4
16.dxe4 Qc7 17.a3 Rd8 18.Rxd8 Qxd8 19.b4 axb4 20.axb4 Ne6 21.Nc3 Nd6 22.Bf1 Qc7
23.h4 h5 24.Qc1 Ra8 25.Bh3 Nf8 26.c5 bxc5 27.bxc5 Ne8 28.e5 Bc8 29.e6 f6
30.Ne2 Ng7 31.Nf4 Ra4 32.Qe3 Qa5 33.Rd1 Ba6 34.Nd2 Ra3 35.Qd4 Ra4 36.Qe3 Ra3
37.Qd4 Ra4 38.Qe3  1/2-1/2

[Event "TCh-CAT 2012"]
[Site "Catalunya ESP"]
[Date "2012.03.03"]
[Round "6.9"]
[White "Colls Gelaberto,E"]
[Black "Lopez Agustench,E"]
[Result "0-1"]
[WhiteElo "2149"]
[BlackElo "2220"]

1.Nf3 d5 2.g3 Nf6 3.Bg2 Nc6 4.d4 Bf5 5.O-O e6 6.c4 Be7 7.Nc3 Ne4 8.cxd5 exd5
9.Qb3 Nxc3 10.Qxc3 O-O 11.Bf4 Re8 12.a3 a5 13.Rac1 a4 14.Rfd1 g5 15.Be3 f6
16.Ne1 Qd6 17.Nd3 Bf8 18.Nc5 Nd8 19.Kf1 c6 20.Qd2 Qe7 21.Rc3 Nf7 22.Rdc1 Nd6
23.Qd1 Nb5 24.Nxa4 Nxc3 25.Rxc3 h5 26.Nc5 Qh7 27.b4 h4 28.b5 hxg3 29.hxg3 Qh2  0-1

[Event "83rd ch-GER 2012"]
[Site "Osterburg GER"]
[Date "2012.03.03"]
[Round "2"]
[White "Rolle,E"]
[Black "Buhmann,R"]
[Result "0-1"]
[WhiteElo "2198"]
[BlackElo "2614"]

1.Nf3 d5 2.g3 c6 3.Bg2 Bg4 4.d3 Nd7 5.O-O Ngf6 6.h3 Bh5 7.Nbd2 e5 8.e4 dxe4
9.dxe4 Be7 10.Qe1 O-O 11.Nc4 Qc7 12.a4 Rfe8 13.Nh4 Bf8 14.Bg5 Kh8 15.b4 Ng8
16.g4 f6 17.Bd2 Bf7 18.Qe2 Rad8 19.Rfd1 g6 20.Bf1 a6 21.Qf3 b5 22.Ne3 Nb6
23.axb5 axb5 24.Be1 Be6 25.Nhg2 Rxd1 26.Qxd1 Nh6 27.Ra6 Nf7 28.h4 Nd6 29.f3 Na4
30.Qa1 Qb7 31.Ra5 Qf7 32.Ra6 Qb7 33.Ra5 Qf7 34.Ra6 Rc8 35.Be2 Kg8 36.Kh2 Qb7
37.Ra5 Be7 38.g5 Bd8 39.gxf6 Nf7 40.Ng4 h5 41.N4e3 Bxa5 42.bxa5 Qd7 43.c4 Rb8
44.Bg3 Qd2 45.Bxe5 Ra8 46.Bf1 Rxa5 47.Bc7 Ra7 48.cxb5 cxb5 49.Bxb5 Qc3 50.Qxc3 Nxc3
51.Bb6 Rb7 52.Bc4 Rxb6  0-1

[Event "TCh-BEL 2011-12"]
[Site "Belgium BEL"]
[Date "2012.03.04"]
[Round "9.2"]
[White "Zaragatski,I"]
[Black "Berelowitsch,A"]
[Result "1/2-1/2"]
[WhiteElo "2474"]
[BlackElo "2563"]

1.Nf3 d5 2.g3 c5 3.Bg2 Nc6 4.d4 Nf6 5.O-O e6 6.c4 Be7 7.dxc5 Bxc5 8.a3 a6
9.b4 Ba7 10.Bb2 O-O 11.Nbd2 Qe7 12.Qc2 Rd8 13.Rad1 e5 14.b5 axb5 15.cxb5 Nd4
16.Nxd4 Bxd4 17.Bxd4 exd4 18.Nf3 d3 19.exd3 Qxa3 20.Qc7 Bg4 21.Qxb7 Rdb8
22.Qc6 Bd7 23.Qc7 Rxb5 24.Rfe1 Rc8 25.Qf4 h6 26.Ra1 Qb4  1/2-1/2

[Event "29th Ciocaltea Mem"]
[Site "Bucharest ROU"]
[Date "2012.03.04"]
[Round "3"]
[White "Benkovic,P"]
[Black "Murariu,A"]
[Result "0-1"]
[WhiteElo "2417"]
[BlackElo "2501"]

1.Nf3 d5 2.g3 c6 3.Bg2 Bg4 4.b3 Nd7 5.Bb2 e6 6.d3 Ngf6 7.Nbd2 Bc5 8.O-O O-O
9.h3 Bh5 10.e4 dxe4 11.dxe4 Qc7 12.Kh1 b5 13.Qe1 Bxf3 14.Nxf3 a5 15.e5 Nd5
16.Qe4 Be7 17.c4 bxc4 18.bxc4 Nc5 19.Qe2 Nb4 20.Nd4 Ra6 21.f4 Rb6 22.a3 Nba6
23.Bc3 Nb3 24.Rab1 Rfb8 25.Qc2 Nxd4 26.Bxd4 Rxb1 27.Rxb1 Rxb1+ 28.Qxb1 Bxa3
29.Bb6 Qb7 30.Be4 a4 31.Bxh7+ Kh8 32.Bd4 Qd7 33.Qd3 Bc5 34.Bc3 Qxd3 35.Bxd3 a3
36.Bb1 Bb4 37.Ba1 Bd2 38.Kg2 Nb4 39.Kf2 Kg8 40.Ke2 Bc1 41.Bd4 a2 42.Be4 g5
43.f5 exf5 44.Bxf5 c5 45.Bc3 Nc6 46.e6 f6 47.Bg6 Kg7 48.Bh5 g4 49.h4 Bh6
50.Kd3 Kf8 51.Kc2 f5 52.Kb2 Bg7 53.Bxg7+ Kxg7 54.Kxa2 Kf6 55.Be8 Ne7 56.Bh5 Kxe6
57.Kb3 Ng8 58.Bg6 Nf6 59.h5 f4 60.h6 fxg3 61.Be4 Ke5 62.Bd5 Kd4 63.Ka4 g2
64.Bxg2 Kxc4 65.Be4 g3 66.Ka3 Kc3 67.Bg2 c4 68.Bd5 Kd2 69.Be4 c3  0-1